Alternativas para con Alternativas para la conservación de la energía eléctrica en las residencias de Costa Rica
שמור ב:
| מחבר ראשי: | |
|---|---|
| פורמט: | ספר |
| יצא לאור: |
[San José, Costa Rica]
2009
|
| נושאים: | |
| תגים: |
הוספת תג
אין תגיות, היה/י הראשונ/ה לתייג את הרשומה!
|
MARC
| LEADER | 00000nam a2200000Ia 4500 | ||
|---|---|---|---|
| 003 | 001444 | ||
| 005 | 20221231144045.0 | ||
| 008 | 140114s2009 cr a 000 ||s d | ||
| 040 | |c cru CEDI | ||
| 090 | |a TFG 5963 | ||
| 100 | |a Solórzano Quirós, Cristian Andrés |9 3569 | ||
| 245 | |a Alternativas para con Alternativas para la conservación de la energía eléctrica en las residencias de Costa Rica | ||
| 260 | |c 2009 |b [San José, Costa Rica] | ||
| 300 | |a xii, 135 hojas; ilustraciones | ||
| 500 | |a Proyecto de graduación (bachillerato en ingeniería eléctrica)--Universidad de Costa Rica. Facultad de Ingeniería. Escuela de Ingeniería Eléctrica | ||
| 650 | |x DISTRIBUCION DE ENERGIA ELECTRICA |x SISTEMAS DE ENERGIA ELECTRICA |x ENERGIA ELECTRICA |x COSTA RICA |9 3570 | ||
| 942 | |c TFG | ||
| 999 | |c 16265 |d 16265 | ||
